Fr. Conceicao Rodrigues College of Engineering

Bankers Hand Book On Discipline (Record no. 30516)

MARC details
000 -LEADER
fixed length control field 00318nam a2200145Ia 4500
100 ## - MAIN ENTRY--PERSONAL NAME
Personal name Bhide/L.B
245 ## - TITLE STATEMENT
Title Bankers Hand Book On Discipline
260 ## - PUBLICATION, DISTRIBUTION, ETC.
Name of publisher, distributor, etc. Om-Ameya Prakashan
Place of publication, distribution, etc. Bombay
Date of publication, distribution, etc. 1983
300 ## - PHYSICAL DESCRIPTION
Extent 393
546 ## - LANGUAGE NOTE
Language note ENGLISH
650 ## - SUBJECT ADDED ENTRY--TOPICAL TERM
Topical term or geographic name entry element General
654 ## - SUBJECT ADDED ENTRY--FACETED TOPICAL TERMS
Focus term Bankers Hand Book
942 ## - ADDED ENTRY ELEMENTS (KOHA)
Koha item type BOOK
Holdings
Withdrawn status Lost status Damaged status Not for loan Collection Home library Current library Shelving location Date acquired Total Checkouts Full call number Barcode Date last seen Price effective from Koha item type
        AFT Fr. Agnel's C.Rodrigues College of Engineering Fr. Agnel's C.Rodrigues College of Engineering   17/03/2023   AFT5580 17/03/2023 17/03/2023 BOOK